| 000 | 00331nam a2200109Ia 4500 | ||
|---|---|---|---|
| 008 | 171211s9999 xx 000 0 und d | ||
| 245 | 4 | _aThe SAGE Dictionary of Sociology | |
| 245 | _cSteve Bruce and Steven Yearley | ||
| 260 | _c2006 | ||
| 650 | _xEncyclopedia and Dictionary | ||
| 856 | _uhttp://down.ebook777.com/055/0761974822.pdf | ||
| 999 |
_c350204 _d350204 |
||